5HLuxD.jpg

KING HENRY VIII SENIOR AND PRIMARY SCHOOL LIBRARY OPAC

Corelli's mandolin : (Record no. 1112)

000 -LEADER
fixed length control field 00950cam a2200277 a 4500
001 - CONTROL NUMBER
control field vtls000584649
003 - CONTROL NUMBER IDENTIFIER
control field OSt
005 - DATE AND TIME OF LATEST TRANSACTION
control field 20211008101016.0
008 - FIXED-LENGTH DATA ELEMENTS--GENERAL INFORMATION
fixed length control field 031023r19951994nyu 000 1 eng d
020 ## - INTERNATIONAL STANDARD BOOK NUMBER
International Standard Book Number 067976397X (pbk.) :
020 ## - INTERNATIONAL STANDARD BOOK NUMBER
International Standard Book Number 9780679763970
040 ## - CATALOGING SOURCE
Original cataloging agency JRS
Language of cataloging eng
Transcribing agency JRS
Modifying agency KTU
-- OCL
-- TKU
082 ## - DEWEY DECIMAL CLASSIFICATION NUMBER
Classification number FIC DE
100 1# - MAIN ENTRY--PERSONAL NAME
Personal name De Bernieres, Louis.
Relator term author.
240 10 - UNIFORM TITLE
Uniform title Captain Corelli's mandolin.
245 10 - TITLE STATEMENT
Title Corelli's mandolin :
Remainder of title a novel /
Statement of responsibility, etc. by Louis De Berni̧♭res.
250 ## - EDITION STATEMENT
Edition statement 1st Vintage International ed.
260 ## - PUBLICATION, DISTRIBUTION, ETC.
Place of publication, distribution, etc. New York :
Name of publisher, distributor, etc. Vintage Books,
Date of publication, distribution, etc. 1995.
300 ## - PHYSICAL DESCRIPTION
Extent 437 p. ;
Dimensions 23 cm.
500 ## - GENERAL NOTE
General note "Vintage International."
500 ## - GENERAL NOTE
General note Originally published as: Captain Corelli's mandolin. London : Secker & Warburg, 1994.
651 #0 - SUBJECT ADDED ENTRY--GEOGRAPHIC NAME
Geographic name Cephalonia Island (Greece)
General subdivision History
Form subdivision Fiction.
700 1# - ADDED ENTRY--PERSONAL NAME
Personal name De Berni̧♭res, Louis.
Title of a work Captain Corelli's mandolin.
942 ## - ADDED ENTRY ELEMENTS (KOHA)
Source of classification or shelving scheme
Koha item type Books - Fiction
Holdings
Withdrawn status Lost status Source of classification or shelving scheme Damaged status Not for loan Collection code Permanent Location Current Location Shelving location Date acquired Full call number Barcode Date last seen Price effective from Koha item type
          Fiction KH8 Senior School Library KH8 Senior School Library Fiction 2021-10-08 FIC DE 3KHSL000101839 2024-07-16 2021-10-08 Books - Fiction

Powered By KH8 IT Dept